[Event "Open Vitrolles 2023/2024"]
[Site "Vitrolles"]
[Date "2024.01.20"]
[Round "5.5"]
[White "Graells, Christian"]
[Black "Benoit-Lizon, Alain"]
[Result "0-1"]
[WhiteElo "1372"]
[BlackElo "1378"]
[PlyCount "116"]

1. e4 e5 2. Nf3 Nc6 3. Bc4 Nf6 4. d3 Bc5 5. Bg5 d6 6. c3 a6 7. O-O h6 8. Bh4
O-O 9. a3 Re8 10. Nbd2 b5 11. Ba2 Be6 12. b4 Ba7 13. Qc2 Qe7 14. Rad1 Rad8 15.
Nb3 g5 16. Bg3 Kh8 17. d4 exd4 18. cxd4 Bxb3 19. Qxb3 Nxe4 20. Rfe1 d5 21. Qc2
Qd7 22. Bb1 f5 23. Ne5 Nxe5 24. Bxe5+ Rxe5 25. dxe5 Bxf2+ 26. Kf1 Bxe1 27. Rxe1
Re8 28. Qb2 Qg7 29. Bxe4 fxe4 30. Qc2 Qxe5 31. Qc6 Rf8+ 32. Kg1 Qd6 33. Qc3+
Kh7 34. Qd4 Qb6 35. Qxb6 cxb6 36. Rd1 Rd8 37. Kf2 Kg6 38. Ke3 Kf5 39. Rf1+ Ke5
40. g4 d4+ 41. Kd2 Rc8 42. Rf5+ Ke6 43. h4 gxh4 44. Rh5 Rf8 45. Rxh6+ Rf6 46.
Rxh4 Rf2+ 47. Ke1 e3 48. Rh6+ Ke5 49. Rh5+ Ke4 50. g5 Rg2 51. Kf1 Rg4 52. Rh6
Rxg5 53. Rxb6 d3 54. Re6+ Re5 55. Rxa6 Rf5+ 56. Ke1 d2+ 57. Ke2 Rf2+ 58. Kd1
Rf1+ 0-1

[Event "Open Vitrolles 2023/2024"]
[Site "Vitrolles"]
[Date "2024.01.20"]
[Round "5.6"]
[White "Bregier, Gerard"]
[Black "Cens, Alain"]
[Result "1/2-1/2"]
[WhiteElo "1335"]
[BlackElo "1459"]
[PlyCount "59"]

1. Nf3 c5 2. g3 Nf6 3. Bg2 g6 4. O-O Bg7 5. c4 O-O 6. Nc3 d6 7. d4 cxd4 8. Nxd4
Nbd7 9. Qc2 a6 10. Bd2 Qc7 11. b3 Nc5 12. b4 Ne6 13. Nxe6 Bxe6 14. Rac1 Rac8
15. c5 dxc5 16. Ne4 c4 17. Nc5 Bd5 18. e4 Bc6 19. a4 b6 20. Nxa6 Qa7 21. b5 Bb7
22. Nb4 Nd7 23. Qa2 Rfd8 24. Bc3 Nc5 25. Bxg7 Kxg7 26. Rxc4 Qxa4 27. Qxa4 Nxa4
28. Nc6 Bxc6 29. Rxc6 Rxc6 30. bxc6 1/2-1/2

[Event "Open Vitrolles 2023/2024"]
[Site "Vitrolles"]
[Date "2024.01.20"]
[Round "5.7"]
[White "Briquet, Xavier"]
[Black "Bouriel, Michel"]
[Result "1-0"]
[WhiteElo "1431"]
[BlackElo "1309"]
[PlyCount "63"]

1. e4 c5 2. Nf3 d6 3. Bc4 Nf6 4. Nc3 g6 5. d4 cxd4 6. Nxd4 Bg7 7. h3 O-O 8. Be3
a6 9. Bb3 b5 10. a3 Bb7 11. Qd3 Nbd7 12. f3 Nh5 13. g4 Nc5 14. Qd2 Nf6 15. Ba2
Rb8 16. Nd5 Nfd7 17. h4 e6 18. Nb4 Rc8 19. h5 Ne5 20. hxg6 fxg6 21. Qh2 Nxf3+
22. Nxf3 Rxf3 23. Qxh7+ Kf7 24. Bd4 Qg8 25. Bxc5 Rxc5 26. Bxe6+ Kf6 27. Qxg8
Re3+ 28. Kd2 Rxe4 29. Raf1+ Ke5 30. Nd3+ Kd4 31. c3+ Rxc3 32. bxc3# 1-0

[Event "Open Vitrolles 2023/2024"]
[Site "Vitrolles"]
[Date "2024.01.20"]
[Round "5.8"]
[White "Mars, Florence"]
[Black "Javos, Yves-Andre"]
[Result "0-1"]
[WhiteElo "1214"]
[BlackElo "1226"]
[PlyCount "78"]

1. e4 c5 2. c4 d6 3. Nf3 Nf6 4. Nc3 e6 5. d4 cxd4 6. Nxd4 Nc6 7. Nxc6 bxc6 8.
Bg5 Be7 9. Be2 Bd7 10. O-O Qc7 11. a3 O-O 12. Qc2 h6 13. Be3 c5 14. f4 a6 15.
Bf3 Bc6 16. Rfd1 Rad8 17. Rd2 Ne8 18. Qd1 f5 19. exf5 Bxf3 20. Qxf3 Rxf5 21. g4
Rf6 22. Ne4 Rg6 23. Kh1 Nf6 24. Nxf6+ Rxf6 25. Rad1 Qb6 26. Bf2 g5 27. f5 Rdf8
28. Bg3 exf5 29. Qd5+ Kg7 30. Re1 Qc7 31. gxf5 Rxf5 32. Qe6 Rf1+ 33. Rxf1 Rxf1+
34. Kg2 Rf6 35. Qd5 Qd7 36. Rf2 Qe6 37. Rxf6 Qxd5+ 38. cxd5 Kxf6 39. Kf3 Kf5
0-1

[Event "Open Vitrolles 2023/2024"]
[Site "Vitrolles"]
[Date "2024.01.20"]
[Round "5.9"]
[White "Porte, Jacques"]
[Black "Scamaroni, Jean-Paul"]
[Result "1/2-1/2"]
[WhiteElo "1166"]
[BlackElo "1426"]
[PlyCount "75"]

1. d4 Nf6 2. c4 g6 3. Nc3 Bg7 4. Nf3 O-O 5. e4 d6 6. Be2 Nbd7 7. O-O c5 8. d5
a6 9. Qc2 Ng4 10. h3 Nge5 11. Nxe5 Nxe5 12. Bf4 Bd7 13. Qd2 f6 14. Bh6 Bxh6 15.
Qxh6 Nf7 16. Qe3 Kg7 17. f4 Qc8 18. Rf3 Re8 19. Qf2 f5 20. Bd3 Nh6 21. Re1 fxe4
22. Bxe4 Bf5 23. Qg3 Bxe4 24. Nxe4 Nf5 25. Qf2 e6 26. g4 exd5 27. cxd5 Nd4 28.
Rfe3 Qd7 29. b3 b6 30. Qb2 h6 31. Kf2 Kf7 32. Rd1 Re7 33. Rxd4 cxd4 34. Qxd4
Rae8 35. Qf6+ Kg8 36. Qxg6+ Kh8 37. Qxh6+ Rh7 38. Qf6+ 1/2-1/2

[Event "Open Vitrolles 2023/2024"]
[Site "Vitrolles"]
[Date "2024.01.20"]
[Round "5.10"]
[White "Coquet, Bruno"]
[Black "Schoeni, Christine"]
[Result "1-0"]
[WhiteElo "1185"]
[BlackElo "1199"]
[PlyCount "111"]

1. e4 e5 2. Nf3 Nc6 3. Bc4 h6 4. d4 d6 5. dxe5 dxe5 6. Qxd8+ Kxd8 7. Bxf7 Bg4
8. Nbd2 Nf6 9. O-O Ke7 10. Bg6 Kd8 11. Bf5 Bh5 12. Nc4 g6 13. Be6 Nxe4 14.
Nfxe5 Ke7 15. Bd5 Nd6 16. Re1 Nxe5 17. Nxe5 c6 18. Nxc6+ Kf6 19. Nd4 Bg7 20.
Bf4 Nf5 21. Nxf5 gxf5 22. Re6+ Kf7 23. Rxh6+ Ke8 24. Re6+ Kd7 25. Rae1 Rae8 26.
Rxe8 Rxe8 27. Rxe8 Bxe8 28. b3 b6 29. h3 Bc3 30. g4 Bg6 31. Kg2 fxg4 32. hxg4
Bxc2 33. a4 a5 34. Be3 Kd6 35. Bc4 Be4+ 36. f3 Bg6 37. Bxb6 Bb4 38. Kg3 Ke5 39.
Bc7+ Kd4 40. f4 Be1+ 41. Kf3 Be4+ 42. Ke2 Bb4 43. Bb6+ Kc3 44. Ke3 Bg2 45. f5
Bh3 46. Kf4 Bd6+ 47. Kg5 Be7+ 48. f6 Bf8 49. Bxa5+ Kd4 50. Bd8 Ke4 51. Be7 Bxe7
52. fxe7 Bg2 53. e8=Q+ Kf3 54. Bd5+ Kg3 55. Bxg2 Kxg2 56. a5 1-0

[Event "Open Vitrolles 2023/2024"]
[Site "Vitrolles"]
[Date "03.02.2024"]
[Round "6.1"]
[White "Boukhfif, Tarik"]
[Black "Khoundh, Zein"]
[Result "1/2-1/2"]
[WhiteElo "1592"]
[BlackElo "1410"]
[PlyCount "169"]

1. Nf3 e6 2. g3 c5 3. Bg2 Nc6 4. d3 d5 5. Nbd2 Nf6 6. O-O Be7 7. e4 O-O 8. Re1
Qc7 9. e5 Nd7 10. Qe2 f6 11. exf6 Nxf6 12. Bh3 e5 13. Bxc8 Qxc8 14. Nxe5 Nd4
15. Qd1 Qf5 16. f4 Bd6 17. Ndf3 Bxe5 18. Rxe5 Qg4 19. Kg2 Nh5 20. Rg5 Qxf3+ 21.
Qxf3 Nxf3 22. Kxf3 Nf6 23. Bd2 Rfe8 24. c3 Rac8 25. Re1 Rxe1 26. Bxe1 c4 27.
dxc4 Rxc4 28. Bf2 Ra4 29. Bd4 Kf7 30. Bxf6 Kxf6 31. Rxd5 Rxa2 32. Rb5 b6 33. g4
g6 34. h4 Ke6 35. Re5+ Kf6 36. Re2 b5 37. b4 Ra3 38. Re3 a5 39. bxa5 Rxa5 40.
Re5 Ra3 41. Re3 Ra4 42. Rd3 Rc4 43. Re3 Ra4 44. g5+ Kf7 45. Kg4 Rc4 46. Rf3 Re4
47. Kg3 Ke6 48. h5 Rc4 49. hxg6 hxg6 50. Kg4 b4 51. cxb4 Rxb4 52. Re3+ Kf7 53.
Rc3 Rd4 54. Rc7+ Kg8 55. Rc6 Kf7 56. Rf6+ Kg7 57. Kf3 Rb4 58. Re6 Kf7 59. Re4
Rb3+ 60. Kg4 Rb1 61. Re3 Rb4 62. Rf3 Ke6 63. Rc3 Ra4 64. Rc6+ Kf7 65. Rc7+ Kg8
66. Rd7 Rb4 67. Kf3 Ra4 68. Ke3 Ra1 69. Rd5 Re1+ 70. Kf2 Ra1 71. f5 gxf5 72.
Rxf5 Ra3 73. Rf3 Ra4 74. Kg3 Kg7 75. Rf6 Rb4 76. Re6 Kf7 77. Rf6+ Kg7 78. Rf4
Rxf4 79. Kxf4 Kg6 80. Kg4 Kg7 81. Kh5 Kh7 82. g6+ Kg7 83. Kg5 Kg8 84. Kh6 Kh8
85. g7+ 1/2-1/2

[Event "Open Vitrolles 2023/2024"]
[Site "Vitrolles"]
[Date "03.02.2024"]
[Round "6.2"]
[White "Ghio, Maxime"]
[Black "Mata, Thierry"]
[Result "1-0"]
[WhiteElo "1304"]
[BlackElo "1473"]
[PlyCount "87"]

1. d4 c5 2. d5 Nf6 3. c4 g6 4. Nc3 d6 5. Nf3 Bg7 6. e4 O-O 7. Be2 a6 8. Qc2
Nfd7 9. O-O Ne5 10. Nd2 f5 11. b3 fxe4 12. Ndxe4 Bf5 13. f4 Nxc4 14. bxc4 Bxe4
15. Qxe4 Bxc3 16. Rb1 Bd4+ 17. Kh1 b6 18. Bg4 Kh8 19. Rb3 Nd7 20. Rh3 Nf6 21.
Qf3 Nxg4 22. Qxg4 Qc8 23. Qe2 Ra7 24. Bb2 Bf6 25. Rff3 Qf5 26. Bxf6+ exf6 27.
Rb3 Rb7 28. Rhf3 Qd7 29. g3 b5 30. Qb2 b4 31. Rfe3 Qh3 32. Kg1 Qg4 33. Kg2 Qd7
34. Re6 Kg7 35. Rbe3 Rf7 36. g4 h6 37. h4 Kh7 38. f5 gxf5 39. Qc2 Kg7 40. Qxf5
a5 41. h5 Kh8 42. Re8+ Rf8 43. Rxf8+ Kg7 44. Qxf6+ 1-0

[Event "Open Vitrolles 2023/2024"]
[Site "Vitrolles"]
[Date "03.02.2024"]
[Round "6.3"]
[White "Benoit-Lizon, Alain"]
[Black "Chauvet, Joelle"]
[Result "0-1"]
[WhiteElo "1372"]
[BlackElo "1379"]
[PlyCount "62"]

1. e4 e5 2. Nf3 d6 3. d4 exd4 4. Nxd4 Nf6 5. Nc3 Be7 6. Bf4 O-O 7. Qd2 Bg4 8.
f3 Bh5 9. g4 Bg6 10. h4 h5 11. g5 Nfd7 12. O-O-O c6 13. Kb1 b5 14. Bxd6 Bxd6
15. Nxc6 Nxc6 16. Qxd6 Ndb8 17. Qc5 Qe7 18. Qxe7 Nxe7 19. Bxb5 a6 20. Bc4 Nbc6
21. Nd5 Nxd5 22. Bxd5 Rac8 23. a3 Kh8 24. Rd3 Ne5 25. Re3 a5 26. b3 Rc5 27. Kb2
Rb8 28. Rc1 Rxd5 29. c4 Rd3 30. Rc3 Rxe3 31. Rxe3 Nxc4+ 0-1

[Event "Open Vitrolles 2023/2024"]
[Site "Vitrolles"]
[Date "03.02.2024"]
[Round "6.4"]
[White "Jullien, Patrick"]
[Black "Thiers, Jean-Jacques"]
[Result "1/2-1/2"]
[WhiteElo "1520"]
[BlackElo "1504"]
[PlyCount "56"]

1. e4 e5 2. Bc4 Bc5 3. Nf3 d6 4. c3 Nf6 5. d3 h6 6. Nbd2 Nbd7 7. Nf1 Ng4 8. d4
exd4 9. cxd4 Bb4+ 10. Bd2 Bxd2+ 11. N1xd2 Qe7 12. O-O O-O 13. Re1 Nb6 14. Bb3
Nf6 15. Nh4 Bg4 16. f3 Bh5 17. Nf5 Qd7 18. Nf1 Bg6 19. Nh4 Bh7 20. Ng3 Rac8 21.
Rc1 c5 22. dxc5 dxc5 23. Qxd7 Nfxd7 24. Nhf5 Rc7 25. Ne7+ Kh8 26. Nd5 Nxd5 27.
Bxd5 b6 28. Bc4 Ne5 1/2-1/2

[Event "Open Vitrolles 2023/2024"]
[Site "Vitrolles"]
[Date "03.02.2024"]
[Round "6.5"]
[White "Dupre Hollebeque, Joachim"]
[Black "Chabaud, Philippe"]
[Result "1-0"]
[WhiteElo "1480"]
[BlackElo "1398"]
[PlyCount "119"]

1. e4 e6 2. d4 d5 3. e5 c5 4. c3 cxd4 5. cxd4 Nc6 6. a3 Bd7 7. Bd3 Qb6 8. Ne2
Nxd4 9. Be3 Bc5 10. b4 Nf3+ 11. gxf3 Bxe3 12. fxe3 Qxe3 13. f4 Rc8 14. a4 Rc1
15. Qxc1 Qxd3 16. Ra3 Qe4 17. Kf2 Nh6 18. Rg1 O-O 19. Qc7 Bc8 20. b5 d4 21. Nd2
Qd5 22. Rd3 Nf5 23. Nf3 Qe4 24. Rgd1 Ne3 25. R1d2 Nd5 26. Qc4 Bd7 27. Qxd4 Qg6
28. Nc3 Nb6 29. a5 Nd5 30. Nxd5 exd5 31. Qxd5 Bh3 32. Nh4 Qg4 33. Ng2 Bxg2 34.
Qxg2 Qxf4+ 35. Kg1 Qxe5 36. Rd5 Qe3+ 37. Qf2 Qe4 38. Rd8 Qb1+ 39. Qf1 Qg6+ 40.
Rg2 Qe4 41. Rxf8+ Kxf8 42. Rf2 Qg4+ 43. Kh1 Qe4+ 44. Rf3 g5 45. Kg1 Qd4+ 46.
Qf2 Qd5 47. Rf5 Qd1+ 48. Qf1 Qg4+ 49. Kh1 Qe4+ 50. Qf3 Qe1+ 51. Kg2 Qd2+ 52.
Qf2 Qd7 53. Qc5+ Kg7 54. Rxg5+ Kh6 55. Rh5+ Kg7 56. Qe5+ f6 57. Rg5+ Kf7 58.
Qd5+ Qxd5+ 59. Rxd5 Ke6 60. Rh5 1-0

[Event "Open Vitrolles 2023/2024"]
[Site "Vitrolles"]
[Date "03.02.2024"]
[Round "6.6"]
[White "Javos, Yves-Andre"]
[Black "Cens, Alain"]
[Result "0-1"]
[WhiteElo "1237"]
[BlackElo "1470"]
[PlyCount "92"]

1. e4 c5 2. Nf3 d6 3. Nc3 Nf6 4. d3 g6 5. Be2 Bg7 6. O-O O-O 7. h3 Nc6 8. a3 a6
9. Na2 b5 10. c3 Bb7 11. Rb1 Qc7 12. Be3 e6 13. Qd2 Ne7 14. Nh2 Nd7 15. f4 d5
16. Bf3 dxe4 17. dxe4 Rad8 18. Qf2 Nc8 19. e5 Bxf3 20. Qxf3 Ncb6 21. Ng4 Nc4
22. Rfd1 Ndb6 23. Bc1 Rxd1+ 24. Qxd1 Rd8 25. Qe2 Qd7 26. Be3 Nxe3 27. Nxe3 Qc6
28. Rd1 Rxd1+ 29. Qxd1 Qe4 30. Qf3 Qb1+ 31. Qd1 Qxa2 32. Qd8+ Bf8 33. Qxb6 Qxb2
34. Qxa6 Qxc3 35. Nf1 Qb3 36. Kh2 Qc4 37. Kg1 Qxf4 38. Qxb5 Qxe5 39. a4 Qd4+
40. Kh1 c4 41. a5 Bc5 42. Qb8+ Kg7 43. Qh2 c3 44. g3 Qe4+ 45. Qg2 Qxg2+ 46.
Kxg2 c2 0-1

[Event "Open Vitrolles 2023/2024"]
[Site "Vitrolles"]
[Date "03.02.2024"]
[Round "6.7"]
[White "Briquet, Xavier"]
[Black "Bregier, Gerard"]
[Result "1-0"]
[WhiteElo "1420"]
[BlackElo "1335"]
[PlyCount "54"]

1. e4 c6 2. Nf3 d5 3. Nc3 Bg4 4. h3 Bxf3 5. Qxf3 e6 6. exd5 cxd5 7. d4 Nf6 8.
a3 a6 9. Bd3 Nc6 10. Ne2 Be7 11. c3 O-O 12. Bg5 Ne4 13. Bxe7 Nxe7 14. Bxe4 dxe4
15. Qxe4 Qb6 16. b4 Rac8 17. Rc1 Rfd8 18. O-O Rc4 19. Rc2 Nd5 20. Rfc1 Rdc8 21.
f4 Qc6 22. Qd3 Qd6 23. f5 exf5 24. Kf2 g6 25. Rh1 Nf4 26. Qg3 Rxc3 27. Rxc3
Qxd4+ 1-0

[Event "Open Vitrolles 2023/2024"]
[Site "Vitrolles"]
[Date "03.02.2024"]
[Round "6.8"]
[White "Scamaroni, Jean-Paul"]
[Black "Coquet, Bruno"]
[Result "1-0"]
[WhiteElo "1429"]
[BlackElo "1185"]
[PlyCount "63"]

1. d4 d5 2. c4 e5 3. dxe5 d4 4. Nf3 Nc6 5. g3 Bg4 6. Nbd2 Nge7 7. Bg2 Ng6 8.
O-O Qd7 9. a3 Bh3 10. b4 Bxg2 11. Kxg2 Ngxe5 12. Bb2 Nxf3 13. Nxf3 Qg4 14. Qd3
O-O-O 15. Rfd1 f5 16. h3 Qe4 17. Qxe4 fxe4 18. Nxd4 Nxd4 19. Rxd4 Rxd4 20. Bxd4
Rg8 21. g4 g6 22. c5 Bg7 23. Rd1 Bxd4 24. Rxd4 Re8 25. h4 c6 26. Kg3 b6 27.
cxb6 axb6 28. Rc4 Kc7 29. Kf4 b5 30. Rxe4 Rxe4+ 31. Kxe4 Kd6 32. Kd4 1-0

[Event "Open Vitrolles 2023/2024"]
[Site "Vitrolles"]
[Date "03.02.2024"]
[Round "6.9"]
[White "Bouriel, Michel"]
[Black "Graells, Christian"]
[Result "0-1"]
[WhiteElo "1317"]
[BlackElo "1368"]
[PlyCount "69"]

1. c4 e5 2. Nc3 Nf6 3. Nf3 Nc6 4. g3 Bb4 5. Bg2 O-O 6. O-O d6 7. d3 Ne7 8. Bg5
Bxc3 9. bxc3 Ne8 10. Rb1 f6 11. Be3 c6 12. Qc2 c5 13. d4 Bf5 14. Qb3 Bxb1 15.
Rxb1 Nf5 16. Qxb7 Nxe3 17. fxe3 Nc7 18. Qb3 e4 19. Nd2 f5 20. dxc5 dxc5 21. Rd1
Qg5 22. Nf1 Qe7 23. Qa4 Qe5 24. Qc2 Rfd8 25. Nd2 Qd6 26. Kf1 Qh6 27. Kf2 Ne8
28. Rb1 Nf6 29. h3 Rf8 30. Nb3 Ng4+ 31. hxg4 fxg4+ 32. Kg1 Qxe3+ 33. Kh2 Rf6
34. Qxe4 Rh6+ 35. Bh3 0-1

[Event "Open Vitrolles 2023/2024"]
[Site "Vitrolles"]
[Date "03.02.2024"]
[Round "6.10"]
[White "Baghdoyan, Albert"]
[Black "Mars, Florence"]
[Result "0-1"]
[WhiteElo "1239"]
[BlackElo "1214"]
[PlyCount "74"]

1. e4 c5 2. Nc3 Nc6 3. Nf3 Nf6 4. d3 e6 5. Bg5 Be7 6. Qd2 O-O 7. O-O-O h6 8.
Bf4 d5 9. exd5 Nxd5 10. g3 a6 11. d4 cxd4 12. Nxd4 Bd7 13. Nxd5 exd5 14. h4 Rc8
15. Nxc6 bxc6 16. Bd3 Bg4 17. Be2 Bxe2 18. Qxe2 Re8 19. Qd3 Qa5 20. a3 Qb5 21.
h5 Bf6 22. Qxb5 axb5 23. g4 Re7 24. Bd6 Re6 25. Bc5 Rce8 26. Be3 Re4 27. Rhg1
d4 28. Bd2 c5 29. f3 Re2 30. f4 Bh4 31. g5 hxg5 32. fxg5 Bf2 33. Rg2 Rxd2 34.
Kxd2 Be3+ 35. Ke2 Bxg5+ 36. Kf1 Be3 37. Re2 Re5 0-1

[Event "Open Vitrolles 2023/2024"]
[Site "Vitrolles"]
[Date "03.02.2024"]
[Round "6.11"]
[White "Rannou, Danielle"]
[Black "Porte, Jacques"]
[Result "1-0"]
[WhiteElo "1081"]
[BlackElo "1166"]
[PlyCount "81"]

1. d4 Nf6 2. Nc3 d5 3. Nf3 e6 4. Bg5 Be7 5. h3 O-O 6. Qd2 c6 7. e3 b5 8. a3
Nbd7 9. b4 h6 10. Bxf6 Nxf6 11. Be2 Nd7 12. O-O Nf6 13. Ne5 Bb7 14. f4 Qc7 15.
Na2 Ne4 16. Qe1 Rad8 17. Bd3 Nd6 18. Nc1 Nc4 19. Bxc4 dxc4 20. c3 f5 21. Ne2
Bd6 22. Qg3 Bxe5 23. fxe5 c5 24. bxc5 Be4 25. Rf4 Qf7 26. Rh4 Kh8 27. Nf4 Kh7
28. Nh5 Qg6 29. Qf2 Qxg2+ 30. Qxg2 Bxg2 31. Kxg2 g5 32. Nf6+ Rxf6 33. exf6 gxh4
34. a4 Rg8+ 35. Kh2 Rg3 36. c6 Rg8 37. axb5 Rb8 38. Rxa7+ Kg6 39. c7 Rxb5 40.
c8=Q Rb2+ 41. Kg1 1-0

[Event "Open Vitrolles 2023/2024"]
[Site "Vitrolles"]
[Date "03.02.2024"]
[Round "6.12"]
[White "Schoeni, Christine"]
[Black "Romeuf, Benjamin"]
[Result "0-1"]
[WhiteElo "1199"]
[BlackElo "1302"]
[PlyCount "84"]

1. d4 Nf6 2. Nc3 d6 3. Nf3 g6 4. Bg5 Bg7 5. e3 O-O 6. h3 b6 7. Be2 c5 8. dxc5
bxc5 9. O-O h6 10. Bxf6 Bxf6 11. e4 Nc6 12. Na4 Bd7 13. c3 Qe8 14. Rb1 Ne5 15.
Nxe5 Bxe5 16. b3 Bxa4 17. bxa4 Bxc3 18. Qc2 Bg7 19. Bb5 Qc8 20. Qc4 a6 21. Bxa6
Qxa6 22. Qxa6 Rxa6 23. Rb7 Re8 24. Rfb1 c4 25. Rb8 Rxb8 26. Rxb8+ Kh7 27. Rc8
Rxa4 28. a3 Be5 29. Kf1 c3 30. Rc7 Bf6 31. Ke2 Rxa3 32. Kd3 Kg7 33. f4 Ra2 34.
g4 Rd2+ 35. Ke3 Bd4+ 36. Kf3 c2 37. f5 Rd3+ 38. Ke2 Rc3 39. Rxc3 Bxc3 40. Kd3
c1=Q 41. Kc4 Qe3 42. Kd5 Qc5# 0-1

[Event "Open Vitrolles 2023/2024"]
[Site "Vitrolles"]
[Date "17.02.2024"]
[Round "7.1"]
[White "Boukhfif, Tarik"]
[Black "Ghio, Maxime"]
[Result "0-1"]
[WhiteElo "1592"]
[BlackElo "1304"]
[PlyCount "96"]

1. Nf3 Nf6 2. g3 d5 3. Bg2 g6 4. d3 Bg7 5. Nbd2 O-O 6. O-O b6 7. c4 Bb7 8. Rb1
d4 9. b4 Re8 10. Nb3 e5 11. Bd2 Nbd7 12. Qc1 Rb8 13. c5 Bc6 14. cxb6 Rxb6 15.
Na5 Bd5 16. Qc2 Qb8 17. Rfc1 e4 18. Nxd4 exd3 19. exd3 Bxg2 20. Kxg2 Nd5 21.
Nac6 Qb7 22. Kg1 Nb8 23. Na5 Qc8 24. Qc4 Qd7 25. Nab3 Rd6 26. Nc5 Qg4 27. Ne4
Nb6 28. Qb5 Re5 29. f3 Rxb5 30. fxg4 Bxd4+ 31. Kg2 Rc6 32. Re1 Re6 33. Rbc1 Nd5
34. a3 Bb2 35. Rb1 Bxa3 36. Ra1 Bxb4 37. Bxb4 Rxb4 38. Rxa7 f5 39. gxf5 gxf5
40. Ra5 c6 41. Nf6+ Rxf6 42. Re8+ Kf7 43. Rh8 Rb2+ 44. Kg1 Re6 45. Ra7+ Kg6 46.
Kf1 Ne3+ 47. Kg1 Rb1+ 48. Kf2 Ng4+ 0-1

[Event "Open Vitrolles 2023/2024"]
[Site "Vitrolles"]
[Date "17.02.2024"]
[Round "7.2"]
[White "Khoundh, Zein"]
[Black "Chauvet, Joelle"]
[Result "1-0"]
[WhiteElo "1410"]
[BlackElo "1379"]
[PlyCount "93"]

1. e4 e5 2. Nc3 d6 3. f4 Nc6 4. Nf3 Nf6 5. Bb5 Bd7 6. d3 Be7 7. Bxc6 Bxc6 8.
fxe5 Ng4 9. Bf4 O-O 10. h3 Nxe5 11. Nxe5 dxe5 12. Bxe5 f6 13. Bg3 Bc5 14. Qd2
Qe7 15. O-O-O Rad8 16. Rhe1 Qe6 17. Bxc7 Rd7 18. Bf4 b5 19. Be3 Bd4 20. Bxd4
Rxd4 21. Qe3 Rfd8 22. a3 a5 23. Ne2 R4d7 24. Kb1 b4 25. axb4 axb4 26. Nf4 Qe5
27. Nd5 Qd6 28. Qd4 Rb8 29. Qc4 Bxd5 30. Qxd5+ Qxd5 31. exd5 Rxd5 32. Re4 Kf7
33. Rde1 Rb7 34. g4 b3 35. Rc4 bxc2+ 36. Kxc2 Rdb5 37. Rb1 Re7 38. b4 Re2+ 39.
Kc3 Rh2 40. Rc5 Rb7 41. b5 Rxh3 42. b6 Re3 43. Rc7+ Re7 44. Rxb7 Rxb7 45. Kc4
Ke6 46. Kc5 Kd7 47. Ra1 1-0

[Event "Open Vitrolles 2023/2024"]
[Site "Vitrolles"]
[Date "17.02.2024"]
[Round "7.3"]
[White "Cens, Alain"]
[Black "Jullien, Patrick"]
[Result "1/2-1/2"]
[WhiteElo "1470"]
[BlackElo "1520"]
[PlyCount "105"]

1. c4 c5 2. g3 g6 3. Bg2 Bg7 4. Nc3 Nc6 5. d3 d6 6. e4 e5 7. Nge2 Bg4 8. f3 Be6
9. Bd2 Nge7 10. a3 O-O 11. O-O Qd7 12. Na2 f5 13. Qc2 fxe4 14. fxe4 Nd4 15.
Nxd4 exd4 16. b4 Nc6 17. b5 Ne5 18. Bf4 Rf7 19. Bxe5 dxe5 20. Rxf7 Bxf7 21. Rf1
Rf8 22. Qd2 Be6 23. Rxf8+ Bxf8 24. Nc1 b6 25. Qg5 Bg7 26. Ne2 Kf7 27. Qc1 Bg4
28. Qf1+ Kg8 29. Bf3 Be6 30. Bg2 Qf7 31. Qxf7+ Kxf7 32. h3 Bh6 33. Kf2 Be3+ 34.
Kf3 Kf6 35. g4 Kg5 36. Ng3 Bc1 37. a4 Be3 38. Bf1 h5 39. gxh5 gxh5 40. Bg2 h4
41. Nh1 Bf7 42. Ke2 Kf4 43. Bf3 Be6 44. Bg2 Bd7 45. Bf1 Be8 46. Bg2 Bh5+ 47.
Ke1 Kg5 48. Bf1 Bf3 49. Nf2 Bxf2+ 50. Kxf2 Bd1 51. Be2 Bxa4 52. Kf3 Bc2 53. Bf1
1/2-1/2

[Event "Open Vitrolles 2023/2024"]
[Site "Vitrolles"]
[Date "17.02.2024"]
[Round "7.4"]
[White "Thiers, Jean-Jacques"]
[Black "Dupre Hollebeque, Joachim"]
[Result "0-1"]
[WhiteElo "1504"]
[BlackElo "1480"]
[PlyCount "117"]

1. d4 e6 2. Nf3 Nf6 3. Bf4 c5 4. c3 d5 5. e3 Nbd7 6. Bd3 Be7 7. Nbd2 b6 8. Ne5
Nxe5 9. Bxe5 O-O 10. Nf3 Nd7 11. h4 h6 12. g4 Nxe5 13. dxe5 g6 14. Qc2 Kg7 15.
h5 g5 16. Nd2 c4 17. Be2 Bb7 18. Rf1 f5 19. f4 Bc5 20. fxg5 Qxg5 21. gxf5 Rxf5
22. O-O-O Rxf1 23. Rxf1 Bxe3 24. Rf6 Bxd2+ 25. Kb1 Kh8 26. Rf7 Qg1+ 27. Bd1 Qg8
28. Rxb7 Bg5 29. Bg4 Re8 30. Rxa7 Be7 31. Bd1 Qh7 32. Rb7 Qxc2+ 33. Bxc2 Bg5
34. Rxb6 Kg7 35. Bg6 Re7 36. a3 Bf4 37. Ka2 Bxe5 38. a4 Bc7 39. Rb5 Kf6 40. Ka3
Bd6+ 41. Rb4 e5 42. b3 d4 43. bxc4 dxc3 44. Kb3 Bxb4 45. Kxb4 e4 46. Kxc3 e3
47. Bd3 Ke5 48. Be2 Rd7 49. c5 Rd2 50. Bb5 Ra2 51. Kb4 e2 52. Bxe2 Rxe2 53. Kb5
Kd5 54. a5 Rb2+ 55. Ka6 Kxc5 56. Ka7 Kd5 57. a6 Ke5 58. Ka8 Kf5 59. a7 0-1

[Event "Open Vitrolles 2023/2024"]
[Site "Vitrolles"]
[Date "17.02.2024"]
[Round "7.5"]
[White "Mata, Thierry"]
[Black "Briquet, Xavier"]
[Result "1-0"]
[WhiteElo "1473"]
[BlackElo "1420"]
[PlyCount "59"]

1. d4 d5 2. Nf3 c5 3. c4 cxd4 4. cxd5 Nf6 5. Qxd4 Qxd5 6. Nc3 Qxd4 7. Nxd4 a6
8. g3 e5 9. Nb3 Nc6 10. Bd2 Nb4 11. Rc1 Bf5 12. Na1 Rc8 13. Bg2 Nc6 14. O-O Be7
15. Nc2 b5 16. Ne3 Be6 17. Nxb5 e4 18. Nc3 Nd4 19. Rfe1 O-O 20. h3 Rfd8 21. Kf1
Nb5 22. Red1 Nxc3 23. Bxc3 Rxd1+ 24. Rxd1 h6 25. a3 Bb3 26. Ra1 Nd5 27. Nf5 Bf6
28. Bxf6 Nxf6 29. Ne7+ Kh7 30. Nxc8 1-0

[Event "Open Vitrolles 2023/2024"]
[Site "Vitrolles"]
[Date "17.02.2024"]
[Round "7.6"]
[White "Scamaroni, Jean-Paul"]
[Black "Benoit-Lizon, Alain"]
[Result "1/2-1/2"]
[WhiteElo "1429"]
[BlackElo "1372"]
[PlyCount "142"]

1. d4 Nf6 2. c4 e6 3. Nc3 Bb4 4. e3 O-O 5. Bd3 d5 6. Nge2 c5 7. dxc5 dxc4 8.
Bxc4 Qxd1+ 9. Kxd1 Rd8+ 10. Kc2 Bxc5 11. a3 a6 12. b4 Be7 13. Bb2 Nc6 14. Rad1
b5 15. Rxd8+ Bxd8 16. Bd3 Bb7 17. Ne4 Nxe4 18. Bxe4 Nxb4+ 19. Kb3 Bxe4 20. axb4
Rc8 21. f3 Bd5+ 22. Ka3 f6 23. Rd1 Be7 24. Bc3 Bc4 25. Nc1 e5 26. Rd7 Kf7 27.
Ra7 Rc6 28. Kb2 g5 29. g3 Ke6 30. Kc2 Bf1 31. Kd2 Bg2 32. f4 gxf4 33. exf4 exf4
34. gxf4 Bd6 35. Ne2 Kd5 36. Rxh7 Kc4 37. Rh4 f5 38. Nd4 Rc8 39. Nxf5 Bxb4 40.
Ne3+ Kb3 41. Bxb4 Kxb4 42. Nxg2 a5 43. f5+ Kb3 44. Ne1 Rd8+ 45. Kc1 Rc8+ 46.
Kb1 Rd8 47. Rh3+ Kc4 48. Kc2 Re8 49. Rh4+ Kd5 50. Nd3 Re2+ 51. Kc3 b4+ 52.
Nxb4+ axb4+ 53. Kxb4 Ke5 54. Rh5 Rf2 55. Kc3 Rxf5 56. Rxf5+ Kxf5 57. Kd3 Kf4
58. Ke2 Kg4 59. Kf2 Kh3 60. Kg1 Kh4 61. Kg2 Kg4 62. h3+ Kh4 63. Kh2 Kh5 64. Kg3
Kg5 65. h4+ Kh5 66. Kh3 Kh6 67. Kg4 Kg6 68. Kh3 Kh5 69. Kg3 Kh6 70. Kg4 Kg6 71.
h5+ Kh6 1/2-1/2

[Event "Open Vitrolles 2023/2024"]
[Site "Vitrolles"]
[Date "17.02.2024"]
[Round "7.7"]
[White "Graells, Christian"]
[Black "Bregier, Gerard"]
[Result "0-1"]
[WhiteElo "1368"]
[BlackElo "1335"]
[PlyCount "68"]

1. e4 c6 2. Nf3 d5 3. Nc3 dxe4 4. Nxe4 Nf6 5. Nxf6+ exf6 6. Be2 Bd6 7. O-O O-O
8. h3 Re8 9. c3 Nd7 10. d4 Nf8 11. Bd3 Be6 12. c4 Qd7 13. Nh2 Rad8 14. Be3 Bxh3
15. Qf3 Be6 16. Kh1 Qc7 17. g3 Ng6 18. Bxg6 hxg6 19. b3 Bf5 20. Qe2 Bxg3 21.
fxg3 Qxg3 22. Rf3 Bg4 23. Nxg4 Qxg4 24. Rg1 Qh5+ 25. Kg2 Rxd4 26. Rh1 Rg4+ 27.
Kf2 Qxh1 28. Qf1 Qh2+ 29. Ke1 Rge4 30. Qe2 Qxe2+ 31. Kxe2 Rxe3+ 32. Rxe3 Rxe3+
33. Kxe3 f5 34. Kf4 f6 0-1

[Event "Open Vitrolles 2023/2024"]
[Site "Vitrolles"]
[Date "17.02.2024"]
[Round "7.8"]
[White "Chabaud, Philippe"]
[Black "Rannou, Danielle"]
[Result "1-0"]
[WhiteElo "1398"]
[BlackElo "1081"]
[PlyCount "79"]

1. d4 d5 2. Nf3 Nf6 3. Bf4 e6 4. Nbd2 Bd6 5. Ne5 O-O 6. e3 Bd7 7. Bd3 Nc6 8. c3
Nxe5 9. dxe5 Bxe5 10. Bxe5 c5 11. Qf3 Ne8 12. Qh3 g6 13. O-O f6 14. Bg3 e5 15.
Qh4 e4 16. Be2 Ng7 17. Bg4 Bxg4 18. Qxg4 f5 19. Qe2 Nh5 20. Nb3 Nxg3 21. hxg3
b6 22. Rfd1 Rf7 23. Rd2 Rd7 24. Rad1 Rc8 25. c4 Rc6 26. cxd5 Rcd6 27. Qc4 Kg7
28. Qc3+ Kf7 29. a4 Qf6 30. Qc4 h5 31. Nc1 g5 32. Ne2 Qh6 33. Nc3 Qh7 34. Nb5
Rh6 35. d6+ Ke8 36. Nc7+ Kd8 37. Ne6+ Ke8 38. Qd5 g4 39. Qa8+ Kf7 40. Ng5+ 1-0